| 000 | 00652nam a2200205Ia 4500 | ||
|---|---|---|---|
| 003 | GCL | ||
| 008 | 140319s9999 xx 000 0 ara d | ||
| 040 |
_aGCL / _cGCL |
||
| 082 | 0 | 4 |
_a001.432 _bح م |
| 100 | 1 | _aحسان حلاق | |
| 245 | 1 | 0 |
_aمناهج الفكر والبحث العلمى والعلوم المساعدة وتحقيق المخطوطات بين النظرية والتطبيق / _cحسان حلاق |
| 300 | _a512 ص | ||
| 490 | _a | ||
| 650 | 0 | 4 | _aطرق البحث |
| 650 | 0 | 4 | _aمناهج البحث |
| 650 | 0 | 4 | _aالتاريخ |
| 650 | 0 | 4 | _aالمخطوطات |
| 650 | 0 | 4 | _aالبحث التاريخى |
| 942 |
_2ddc _cBK |
||
| 999 |
_c45967 _d45967 |
||